| 000 | 00593nam a2200229Ia 4500 | ||
|---|---|---|---|
| 008 | 160303s9999 xx 000 0 und d | ||
| 020 | _a0-538-43808-8 | ||
| 050 | _aMAIN HF 5548.32 | ||
| 050 | _b.K54 2005 | ||
| 100 | _aKleindl, Brad Alan | ||
| 245 | _aE-commerce marketing / | ||
| 245 | _cBrad Alan Kleindl. | ||
| 260 | _aMason, Ohio : | ||
| 260 | _bThomson South-Western. | ||
| 260 | _c2005 | ||
| 300 | _a312 pages : | ||
| 300 | _bcolor illustrations ; | ||
| 300 | _c28 cm. | ||
| 500 | _aIncludes index. | ||
| 650 | _aElectronic marketing. | ||
| 650 | _aInternet marketing. | ||
| 999 |
_c291090 _d291090 |
||